| 000 | 00684cab a2200253 4500 | ||
|---|---|---|---|
| 001 | X1282 | ||
| 008 | 090401t1994 xxu||||| |||| 00| 0 eng d | ||
| 035 | _a(Sirsi) u15980 | ||
| 041 | _aeng | ||
| 100 | _aTewdwr-Jones, M. | ||
| 245 | 4 | _aThe Government`s planning policy guidance | |
| 260 | _c1994 | ||
| 350 | _a0 | ||
| 490 |
_aJournal of Planning and Environment Law _v(1994) JPEL 106-116(11) |
||
| 520 | _aExamines the role of planning policy guidance notes. | ||
| 650 | _aGOVERNMENT | ||
| 650 | _aGUIDANCE | ||
| 650 | _aPLANNING POLICY GUIDANCE NOTES | ||
| 650 | _aPPG | ||
| 650 | _aROLE | ||
| 690 | _aPLANNING LAW AND PRACTICE | ||
| 942 | _n0 | ||
| 948 | _c04/03/1997 | ||
| 999 |
_c10516 _d10516 |
||